Antiquités de la Nubie : ou, Monumens inédits des bords du Nil, situés entre la première et la seconde cataracte, dessinés et mesurés en 1819 /

محفوظ في:

المؤلف الرئيسي: Gau, François Chrétien.

التنسيق: كتاب

اللغة: French

منشور في: Böblingen : Codex-Verlag, 1975.

الموضوعات:

الوسوم: إضافة وسم

لا توجد وسوم, كن أول من يضع وسما على هذه التسجيلة!

رقم الطلب: (O.S.)DT60 .G3 1975

LEADER 01063nam a2200241Ia 4500
003 OSt
005 20240430122632.0
008 801230s1975 gw ah 000 0 fre
952 |0 0  |1 0  |2 lcc  |4 0  |7 1  |9 43654  |a ARCE  |b ARCE  |d 2022-11-24  |l 0  |o (O.S.)DT60 .G3 1975  |p 1025874  |r 2022-11-24 00:00:00  |w 2022-11-24  |y BK 
999 |c 50111  |d 50111 
040 |c ARCE Library 
050 4 |a (O.S.)DT60 .G3 1975 
100 1 |a Gau, François Chrétien. 
245 1 0 |a Antiquités de la Nubie :   |b ou, Monumens inédits des bords du Nil, situés entre la première et la seconde cataracte, dessinés et mesurés en 1819 /   |c par François Chrétien Gau. 
264 1 |a Böblingen :   |b Codex-Verlag,   |c 1975. 
300 |a 160 pages :   |b illustrations, facsimiles ;   |c 42 cm. 
500 |a "Ouvrage faisant suite au grand ouvrage de la Commission d'Égypte; dédié au roi." 
500 |a Reprint of the 1822 ed. published in Stuttgart by J.G. Cotta and in Paris by F. Didot. 
650 0 |a Antiquities. 
651 0 |a Africa -- Nubia. 
651 0 |a Nubia -- Antiquities. 
901 |a reviewed 
942 |2 lcc  |c BK